[Event "GER-ch Net blitz qual2"]
[Site "Playchess.com INT"]
[Date "2021.05.04"]
[Round "2"]
[White "Sato, Kai Nathan"]
[Black "Toellner, Uwe"]
[Result "0-1"]
[WhiteElo "1630"]
[BlackElo "1970"]
[PlyCount "48"]
[EventDate "2021.05.04"]
[EventType "swiss (blitz)"]
[EventRounds "11"]
[EventCountry "GER"]
[SourceTitle "CBM 202 Extra"]
[Source "ChessBase"]
[SourceDate "2021.07.31"]
[SourceVersion "1"]
[SourceVersionDate "2021.07.31"]
[SourceQuality "1"]

1. e4 c5 2. Qh5 e6 3. Nc3 Nf6 4. Qd1 Nc6 5. Nf3 d5 6. exd5 Nxd5 7. Nxd5 Qxd5 8. Bb5 Bd7 9. Bxc6 Bxc6 10. d3 Bd6 11. 0-0 Qh5 12. h3 0-0 13. Nh2 Qxd1 14. Rxd1 Rad8 15. a3 Rd7 16. Be3 e5 17. Nf3 f6 18. Nd2 Rfd8 19. f3 Be7 20. Kf2 Kf7 21. Nb3 b6 22. Rd2 f5 23. Rad1 f4 24. Bxf4 exf4 0-1